[Event "RUS IPCA-ch"]
[Site "Nalchik"]
[Date "2015.05.06"]
[Round "7"]
[White "Grigoriev, Sergey"]
[Black "Karpova, Marina"]
[Result "1-0"]
[WhiteElo "1998"]
[BlackElo "1788"]
[PlyCount "79"]
[EventDate "2015.04.30"]
[EventType "swiss"]
[EventRounds "9"]
[EventCountry "RUS"]
[SourceTitle "EXT 2018"]
[Source "ChessBase"]
[SourceDate "2017.10.13"]
[SourceVersion "1"]
[SourceVersionDate "2017.10.13"]
[SourceQuality "1"]

1. e4 c6 2. d4 d5 3. exd5 cxd5 4. c4 Nf6 5. Nc3 dxc4 6. d5 e6 7. Bg5 Be7 8. Bxf6 Bxf6 9. Bxc4 Bxc3+ 10. bxc3 exd5 11. Bxd5 Qe7+ 12. Ne2 0-0 13. 0-0 Nd7 14. Nd4 Nf6 15. Bf3 Rb8 16. Rb1 Qc5 17. Qd3 a6 18. Rb3 Rd8 19. Qe3 b5 20. Nc6 Qxe3 21. fxe3 Be6 22. Ra3 Bc4 23. Rc1 Re8 24. Nxb8 Rxb8 25. Rxa6 h6 26. Ra8 Rxa8 27. Bxa8 Bxa2 28. Bc6 Bc4 29. Rb1 Ng4 30. Bxb5 Nxe3 31. Bxc4 Nxc4 32. Rb8+ Kh7 33. Rc8 Nd6 34. Rd8 Nc4 35. Rd4 Ne5 36. c4 Kg6 37. c5 Kf6 38. c6 Ng6 39. c7 Ne7 40. Rd8 1-0

[Event "RUS IPCA-ch"]
[Site "Nalchik"]
[Date "2015.05.02"]
[Round "3"]
[White "Grigoriev, Sergey"]
[Black "Mukhin, Alexey A"]
[Result "1-0"]
[WhiteElo "1998"]
[BlackElo "1979"]
[PlyCount "95"]
[EventDate "2015.04.30"]
[EventType "swiss"]
[EventRounds "9"]
[EventCountry "RUS"]
[SourceTitle "EXT 2018"]
[Source "ChessBase"]
[SourceDate "2017.10.13"]
[SourceVersion "1"]
[SourceVersionDate "2017.10.13"]
[SourceQuality "1"]

1. e4 d5 2. exd5 Nf6 3. d4 Nxd5 4. c4 Nb6 5. Nf3 g6 6. c5 Nd5 7. Bc4 Bg7 8. Nc3 Nxc3 9. bxc3 0-0 10. 0-0 Nc6 11. Be3 b6 12. Qa4 Na5 13. Be2 c6 14. Rad1 b5 15. Qb4 Be6 16. Rfe1 Nc4 17. Bf4 h6 18. Nd2 Nxd2 19. Rxd2 Bd5 20. c4 bxc4 21. Bxc4 Re8 22. a4 Qd7 23. h3 Rad8 24. a5 Qf5 25. Bg3 Rd7 26. Bxd5 Qxd5 27. Bd6 Bf6 28. Be5 Red8 29. Bxf6 exf6 30. Red1 Qe4 31. a6 Rd5 32. Rd3 h5 33. Re3 Qf4 34. Rf3 Qg5 35. Qb7 R8d7 36. Qxc6 Rxd4 37. Rxd4 Rxd4 38. Qxf6 Qc1+ 39. Kh2 Qc4 40. Re3 Re4 41. Rxe4 Qxe4 42. Qd6 Qc4 43. c6 Kg7 44. c7 h4 45. f4 Kh7 46. Qe5 Qc1 47. f5 gxf5 48. Qxf5+ 1-0

[Event "RUS IPCA-ch"]
[Site "Nalchik"]
[Date "2014.05.09"]
[Round "9"]
[White "Grigoriev, Sergey"]
[Black "Lozhkin, Yury"]
[Result "0-1"]
[WhiteElo "2005"]
[BlackElo "2085"]
[PlyCount "72"]
[EventDate "2014.05.01"]
[EventType "swiss"]
[EventRounds "9"]
[EventCountry "RUS"]
[SourceTitle "CBM 160 Extra"]
[Source "ChessBase"]
[SourceDate "2014.07.01"]
[SourceVersion "1"]
[SourceVersionDate "2014.07.01"]
[SourceQuality "1"]

1. e4 d6 2. d4 g6 3. f4 Bg7 4. Nf3 e6 5. Be2 Ne7 6. 0-0 0-0 7. Be3 b6 8. c4 Nd7 9. Nc3 c5 10. Qd2 Bb7 11. Rad1 Nf6 12. dxc5 dxc5 13. Qc2 Qc8 14. h3 Nc6 15. e5 Nh5 16. Kh2 Bh6 17. Qc1 Ng7 18. Ne4 Ne8 19. Nd6 Nxd6 20. exd6 Bg7 21. Bd2 Nd4 22. Nxd4 cxd4 23. b4 Qd7 24. c5 Rfc8 25. Qc4 Bd5 26. Qc1 Qa4 27. Bf3 bxc5 28. Bxd5 exd5 29. bxc5 Qb5 30. Qa3 Qxc5 31. Bb4 Qb5 32. Rc1 Rc4 33. Bd2 Bf8 34. f5 Qd7 35. Bf4 Qxf5 36. Bg3 Qd7 0-1

[Event "RUS IPCA-ch"]
[Site "Nalchik"]
[Date "2014.05.08"]
[Round "8"]
[White "Palin, Denis"]
[Black "Grigoriev, Sergey"]
[Result "1-0"]
[WhiteElo "2101"]
[BlackElo "2005"]
[PlyCount "78"]
[EventDate "2014.05.01"]
[EventType "swiss"]
[EventRounds "9"]
[EventCountry "RUS"]
[SourceTitle "CBM 160 Extra"]
[Source "ChessBase"]
[SourceDate "2014.07.01"]
[SourceVersion "1"]
[SourceVersionDate "2014.07.01"]
[SourceQuality "1"]

1. c4 f5 2. g3 Nf6 3. Bg2 g6 4. e3 Bg7 5. Ne2 0-0 6. 0-0 d6 7. Nbc3 c6 8. b3 e5 9. d3 d5 10. cxd5 cxd5 11. Ba3 Re8 12. Nb5 Qa5 13. Nd6 Qxa3 14. Nxe8 Nxe8 15. Bxd5+ Kf8 16. Qc1 Qxc1 17. Raxc1 Na6 18. d4 Nb4 19. Bg2 Bd7 20. Rfd1 e4 21. Nc3 Nf6 22. Bf1 Nfd5 23. Nxd5 Nxd5 24. Bc4 Bc6 25. b4 a6 26. a3 Rd8 27. Be2 Ke7 28. Rd2 Ke6 29. Rb2 Bf8 30. b5 axb5 31. Bxb5 Rc8 32. a4 Be7 33. a5 Nc7 34. Bxc6 bxc6 35. Rb7 h5 36. h4 g5 37. hxg5 Bxg5 38. Rc5 Na6 39. Re5+ Kf6 1-0

[Event "RUS IPCA-ch"]
[Site "Nalchik"]
[Date "2014.05.07"]
[Round "7"]
[White "Grigoriev, Sergey"]
[Black "Kuprin, Vladimir"]
[Result "1/2-1/2"]
[WhiteElo "2005"]
[BlackElo "2096"]
[PlyCount "49"]
[EventDate "2014.05.01"]
[EventType "swiss"]
[EventRounds "9"]
[EventCountry "RUS"]
[SourceTitle "CBM 160 Extra"]
[Source "ChessBase"]
[SourceDate "2014.07.01"]
[SourceVersion "1"]
[SourceVersionDate "2014.07.01"]
[SourceQuality "1"]

1. e4 c6 2. d4 d5 3. exd5 cxd5 4. c4 Nf6 5. Nc3 g6 6. cxd5 Nxd5 7. Qb3 Nxc3 8. Bc4 e6 9. bxc3 Nc6 10. Nf3 Bg7 11. Ba3 Bf8 12. Bxf8 Kxf8 13. 0-0 Kg7 14. Qc2 b6 15. Qd3 Qc7 16. Bb3 Bb7 17. Rac1 Rhd8 18. Rfd1 Rd6 19. Qe3 Rad8 20. h4 Qe7 21. Re1 Qf6 22. Ng5 Ne7 23. Ne4 Bxe4 24. Qxe4 Nd5 25. g3 1/2-1/2

[Event "Moscow op-E"]
[Site "Moscow"]
[Date "2011.02.02"]
[Round "5.207"]
[White "Arshaev, Ajush"]
[Black "Grigoriev, Sergey"]
[Result "0-1"]
[WhiteElo "1734"]
[BlackElo "2029"]
[PlyCount "78"]
[EventDate "2011.01.29"]
[EventType "swiss"]
[EventRounds "9"]
[EventCountry "RUS"]
[SourceTitle "EXT 2022"]
[Source "ChessBase"]
[SourceDate "2021.10.06"]
[SourceVersion "1"]
[SourceVersionDate "2021.10.06"]
[SourceQuality "1"]

1. e4 c5 2. Nf3 d6 3. c3 e6 4. d4 cxd4 5. cxd4 Nf6 6. Bd3 Be7 7. 0-0 Nc6 8. Nc3 Bd7 9. Qe2 Qa5 10. e5 Nd5 11. Bd2 dxe5 12. dxe5 Bb4 13. Ne4 Bxd2 14. Nfxd2 Nf4 15. Qf3 g5 16. Nc4 Nxe5 17. Nxa5 Nxf3+ 18. gxf3 Nxd3 19. Nf6+ Ke7 20. Nxd7 Rhd8 21. Nxb7 Rxd7 22. Na5 Nxb2 23. Rab1 Nd3 24. Nc6+ Kf6 25. Nb4 a5 26. Nc2 Ne5 27. Rb3 Rd2 28. Rc1 Rad8 29. a4 R2d3 30. Rxd3 Rxd3 31. Kg2 Nxf3 32. Ra1 Nh4+ 33. Kg1 h5 34. Ne3 Ng6 35. Nc4 Rd5 36. Rb1 Ne5 37. Nb6 Rd4 38. Ra1 Rb4 39. Na8 Nc4 0-1

[Event "Rostov-ch"]
[Site "Rostov on Don"]
[Date "2010.??.??"]
[Round "7"]
[White "Grigoriev, Sergey"]
[Black "Lugovoi, Yuriy"]
[Result "1/2-1/2"]
[WhiteElo "1945"]
[BlackElo "1890"]
[PlyCount "124"]
[EventDate "2010.11.21"]
[EventType "swiss"]
[EventRounds "9"]
[EventCountry "RUS"]
[SourceTitle "EXT 2012"]
[Source "ChessBase"]
[SourceDate "2011.11.24"]
[SourceVersion "1"]
[SourceVersionDate "2011.11.24"]
[SourceQuality "1"]

1. e4 c5 2. Nf3 Nc6 3. d4 cxd4 4. Nxd4 Nf6 5. Nc3 d6 6. Be2 e5 7. Nb3 Be7 8. 0-0 0-0 9. f4 exf4 10. Bxf4 Ne5 11. h3 Qb6+ 12. Qd4 Qxd4+ 13. Nxd4 a6 14. Nf5 Bxf5 15. exf5 Rfd8 16. Rad1 Nc6 17. Bf3 Rac8 18. Nd5 Nxd5 19. Bxd5 b5 20. c3 a5 21. Rd2 a4 22. Re1 Bf8 23. Bxc6 Rxc6 24. Rd5 Rb6 25. Re4 h6 26. Be3 Rb7 27. Bc5 Re7 28. Rxe7 Bxe7 29. Bb4 Rb8 30. Kf2 Kf8 31. Bxd6 Bxd6 32. Rxd6 Ke7 33. Rd4 Rc8 34. Ke3 Rc5 35. g4 a3 36. Kd3 axb2 37. Rb4 Kd6 38. Rxb2 Ke5 39. Rb4 h5 40. a4 Rd5+ 41. Ke3 bxa4 42. Rxa4 Rd1 43. Ra5+ Kf6 44. Kf4 hxg4 45. Ra6+ Ke7 46. hxg4 Rc1 47. Rc6 Kd7 48. Rc4 f6 49. Ke4 Re1+ 50. Kd5 Re5+ 51. Kd4 g6 52. fxg6 Rg5 53. Ke3 Rxg6 54. Kf4 Rg5 55. Rd4+ Ke7 56. c4 Rc5 57. Ke4 Re5+ 58. Kd3 Ra5 59. Rd5 Ra3+ 60. Kd4 Rg3 61. Kc5 Rxg4 62. Rd4 f5 1/2-1/2

[Event "Rostov-ch"]
[Site "Rostov on Don"]
[Date "2010.??.??"]
[Round "1"]
[White "Grigoriev, Sergey"]
[Black "Zinchenko, Anatoly"]
[Result "0-1"]
[WhiteElo "1945"]
[BlackElo "2089"]
[PlyCount "44"]
[EventDate "2010.11.21"]
[EventType "swiss"]
[EventRounds "9"]
[EventCountry "RUS"]
[SourceTitle "EXT 2012"]
[Source "ChessBase"]
[SourceDate "2011.11.24"]
[SourceVersion "1"]
[SourceVersionDate "2011.11.24"]
[SourceQuality "1"]

1. e4 e6 2. d4 d5 3. exd5 exd5 4. Bd3 Bd6 5. Nd2 Nf6 6. h3 0-0 7. Qf3 c5 8. dxc5 Bxc5 9. Ne2 Nc6 10. 0-0 Re8 11. Nb3 Ne5 12. Qg3 Bd6 13. Ned4 Ng6 14. Qf3 Nh4 15. Qd1 Ne4 16. Bb5 Re5 17. Bf4 Rg5 18. Qc1 Rxg2+ 19. Kh1 Qf6 20. Ne2 Nxf2+ 21. Rxf2 Rxf2 22. Qe3 Rf3 0-1